Drogodependencias. (Registro nro. 875)

Detalles MARC
000 -LEADER
fixed length control field 01351nam a2200373 a 4500
008 - CAMPO DE CONTROL (LIBRO)
fixed length control field 110706s2009 sp ||||f |||| 001 0 spa d
020 ## - INTERNATIONAL STANDARD BOOK NUMBER
ISBN 9788498351767
041 ## - CODIGO DE IDIOMA
Código de idioma del texto/pista de sonido o título separado spa
092 ## - SIGNATURA TOPOGRAFICA DEWEY LOCAL
número de clasificación 616.89
libristica 17
sección DRO
245 ## - TITULO PROPIAMENTE DICHO
Título Drogodependencias.
Subtítulo y Título paralelo Farmacología. Patología. Psicología. Legislación /
Mención de responsabilidad y remanente de la transcripción de la portada Pedro Lorenzo Fernández
250 ## - MENCION DE EDICION
Mención de edición 3a ed.
260 ## - PIE DE IMPRENTA
Lugar de publicación, distribución, etc Buenos Aires ; Madrid:
Nombre de la editorial, distribuidor, etc Editorial Médica Panamericana;
Fecha de publicación 2009.
300 ## - DESCRIPCION FISICA
Extension 725 p.
500 ## - NOTA GENERAL
Nota general Lorenzo Fernández, P. et al. (2009). Drogodependencias Farmacología. Patología. Psicología. Legislación. (3a ed.). Buenos Aires ; Madrid : Editorial Médica Panamericana.
590 ## - NOTAS LOCALES (RLIN)
Nota local Compra FACIMED, Junio 2011
653 ## - TÉRMINO INDIZADO - PALABRAS CLAVES
Palabra clave Conceptos fundamentales en drogodependencias
653 ## - TÉRMINO INDIZADO - PALABRAS CLAVES
Palabra clave Opioides
653 ## - TÉRMINO INDIZADO - PALABRAS CLAVES
Palabra clave Cocaína
653 ## - TÉRMINO INDIZADO - PALABRAS CLAVES
Palabra clave Anfetaminas. Drogas de diseño. Otros estimulantes
653 ## - TÉRMINO INDIZADO - PALABRAS CLAVES
Palabra clave Cannabis
653 ## - TÉRMINO INDIZADO - PALABRAS CLAVES
Palabra clave Alucinógenos
653 ## - TÉRMINO INDIZADO - PALABRAS CLAVES
Palabra clave Sustancias volátiles
653 ## - TÉRMINO INDIZADO - PALABRAS CLAVES
Palabra clave Alcohol
653 ## - TÉRMINO INDIZADO - PALABRAS CLAVES
Palabra clave Benzodiacepinas y barbitúricos
653 ## - TÉRMINO INDIZADO - PALABRAS CLAVES
Palabra clave Tabaco y nicotina
653 ## - TÉRMINO INDIZADO - PALABRAS CLAVES
Palabra clave Drogas y embarazo
653 ## - TÉRMINO INDIZADO - PALABRAS CLAVES
Palabra clave Doping
653 ## - TÉRMINO INDIZADO - PALABRAS CLAVES
Palabra clave Legislación y drogas
700 1# - ENTRADAS SECUNDARIAS - NOMBRE PERSONAL
Nombre personal Lorenzo Fernandez, Pedro
9 (RLIN) 121
700 1# - ENTRADAS SECUNDARIAS - NOMBRE PERSONAL
Nombre personal Ladero Quesada, José María
9 (RLIN) 122
700 1# - ENTRADAS SECUNDARIAS - NOMBRE PERSONAL
Nombre personal Leza Cerro, Juan Carlos
9 (RLIN) 123
700 1# - ENTRADAS SECUNDARIAS - NOMBRE PERSONAL
Nombre personal Lizasoain Hernández, Ignacio
9 (RLIN) 124
942 ## - ADDED ENTRY ELEMENTS (KOHA)
Source of classification or shelving scheme Dewey Decimal Classification
Item type Libros
Existencias
Estado de retiro Existencia Fuente de clasificación Estado general No para prestamo Colección Ubicación permanente ubicación actual Sala de ubicación Fecha de adquisición Total Checkouts Total Renewals Número de clasificación Código de barras Date last seen Date last borrowed Número de ejemplar Price effective from Koha tipo de elemento (item) Public note
    Dewey Decimal Classification     Reference Biblioteca Medicina Biblioteca Medicina Referencia 06/07/2011 9 1 616.89 17 DRO 2402 25/10/2022 18/10/2022 ej. 1 06/07/2011 Reference LIBRO DE CONSULTA

UNIVERSIDAD NACIONAL DEL COMAHUE
Biblioteca de la Facultad de Ciencias Médicas
Sede Toschi: Los Arrayanes y Av. Toschi, Cipolletti  - Rio Negro
Sede Los Tordos:  Yrigoyen al 2211, Cipolletti - Rio Negro 

Teléfono: 0299 - 4774707 int 25
Contacto: biblioteca@facimed.uncoma.edu.ar
© 2011 - 2026